Phương pháp phần tử hữu hạn trong địa cơ học

Đã lưu trong:
书目详细资料
主要作者: Fadeev, A B
格式: 图书
语言:Undetermined
出版: Hà Nội Giáo Dục 1995
主题:
标签: 添加标签
没有标签, 成为第一个标记此记录!
Thư viện lưu trữ: Trung tâm Học liệu Trường Đại học Cần Thơ
LEADER 00752nam a2200205Ia 4500
001 CTU_21947
008 210402s9999 xx 000 0 und d
020 |c 13300 
082 |a 624.171 
082 |b F144 
100 |a Fadeev, A B 
245 0 |a Phương pháp phần tử hữu hạn trong địa cơ học 
245 2 |c A B Fadeev ; Nguyễn Hữu Thái, Phạm Hà, Nguyễn Uyên (Dịch) 
260 |a Hà Nội 
260 |b Giáo Dục 
260 |c 1995 
650 |a Finite element method,Mechanical engineering,Structural analysis ( engineering ),Structural analysis ( engineering ) 
650 |x data processing,data processing 
904 |i Minh, 980224 
980 |a Trung tâm Học liệu Trường Đại học Cần Thơ